مكتبة جامعة عجلون الوطنية

فهرس بحث المكتبة

Normal view MARC view
  • زعموط، محمود صالح، م مشارك: طارق نحاس ،علي احمد المصموم، بسام غلمان

Entry Personal Name

Number of records used in: 1

001 - CONTROL NUMBER

  • control field: 51089

003 - CONTROL NUMBER IDENTIFIER

  • control field: JO-AjAnu

005 - DATE AND TIME OF LATEST TRANSACTION

  • control field: 20230606082415.0

008 - FIXED-LENGTH DATA ELEMENTS

  • fixed length control field: 230606|| aca||aabn | a|a d

040 ## - CATALOGING SOURCE

  • Original cataloging agency: JO-AjAnu
  • Transcribing agency: JO-AjAnu

100 ## - HEADING--PERSONAL NAME

  • Personal name: زعموط، محمود صالح، م مشارك: طارق نحاس ،علي احمد المصموم، بسام غلمان

670 ## - SOURCE DATA FOUND

  • Source citation: Work cat.: (JO-AjAnu)26113: زعموط، محمود صالح، م مشارك: طارق نحاس ،علي احمد المصموم، بسام غلمان, author, المرجع في علم السكون الهندسي حسب نظام الوحدات الدولية